Cómo fundir buen tipo
Descripción Física:
[23] p. : il. ; 19 cm
MARC
| LEADER | 00000nam a2200000Ia 4500 | ||
|---|---|---|---|
| 001 | 15405 | ||
| 008 | 160829s9999 xx 000 0 cat d | ||
| 080 | |a FU-33-56 | ||
| 245 | |a Cómo fundir buen tipo | ||
| 260 | |a Madrid : |b F. Lozano Navarro, [s.a.] | ||
| 300 | |a [23] p. : |b il. ; |c 19 cm | ||
| 650 | |a Monotip |9 38870 | ||
| 650 | 0 | |a Tipus d'impremta |9 30279 | |
| 650 | |a Fosa |9 38998 | ||
| 901 | |a Arxiu | ||
| 942 | |n 1 | ||
| 952 | |0 0 |1 0 |4 0 |6 FU3356 |7 1 |9 48740 |a Arxiu |b Arxiu |d 2016-12-01 |l 0 |o FU-33-56 |p 15405 |r 2016-12-01 00:00:00 |w 2016-12-01 |y ARXIU | ||
| 999 | |c 52571 |d 52571 | ||